Normale Ansicht MARC-Ansicht ISBD

Memuary (Titelsatznr. 60417)

[ MARC ]
MARC-Details
000 -Satzkennung
Kontrollfeld mit fester Länge 01288nad a2200337 cc4500
001 - Kontrollnummer
Kontrollfeld BV047804999
003 - Kontrollnummer Identifier
Kontrollfeld DE-604
005 - Datum und Zeit der letzten Transaktion
Kontrollfeld 20230616082817.0
007 - Feld mit fester Länge zur physischen Beschreibung - Allgemeine Information
Kontrollfeld mit fester Länge t
008 - Feld mit fester Länge zur physischen Beschreibung - Allgemeine Angaben
Kontrollfeld mit fester Länge 220128s2021 |||| 00||| rus d
020 ## - Internationale Standardbuchnummer
Internationale Standardbuchnummer 9785862186123
Verknüpfung 978-5-86218-612-3
035 ## - Systemkontrollnummer
System-Kontrollnummer (OCoLC)1314909301
035 ## - Systemkontrollnummer
System-Kontrollnummer (DE-599)BVBBV047804999
040 ## - Katalogisierungsquelle
Original-Katalogisierungsstelle DE-604
Katalogisierungssprache ger
Übertragungsstelle RU-10907106
041 0# - Sprachcode
Sprachcode des Textes/der Tonspur oder des separaten Titels rus
084 ## - Andere Notation
Zuweisende Stelle DE-12
100 0# - Haupteintragung - Personenname
Personenname Katharina
Zählung II.
Titel und andere Wörter in Verbindung mit einem Namen Russland, Zarin
Datumsangaben in Verbindung mit einem Namen 1729-1796
Funktionsbezeichnung Verfasser
IDN des Normdatensatzes oder Standardnummer (DE-588)118560565
Funktionsbezeichnungscode aut
Koha-Normdatenidentnummer 6786
240 10 - Einheitstitel
IDN des Normdatensatzes oder Standardnummer (DE-588)4386483-1
Einheitstitel Mémoires
245 10 - Titel
Titel Memuary
Zusatz zum Titel v dvuch knigach : [novyj perevod]
Zählung des Teils/der Abteilung eines Werkes Tom 2
Verfasserangabe etc. Ekaterina Velikaja ; izdanie podgotovili M.A. Krjučkova, T.I. Akimova, E.V. Morozova ;
Titel eines Teils/einer Abteilung eines Werkes Dopolnenija
264 #1 - Produktion, Veröffentlichung, Distribution, Herstellung und Urheberrechtsvermerk
Herstellungs-, Veröffentlichungs- Vertriebs-, Erzeugungsort Moskva :
Produzent, Herausgeber, Distributor, Hersteller Ladomir,
Datum der Herstellung, der Veröffentlichung, des Vertriebs oder des Urheberschutzvermerks 2021.
300 ## - Physische Beschreibung
Umfang Seite 426-1124
336 ## - Inhaltstyp
Inhaltstypterm Text
Inhaltstypcode txt
Quelle rdacontent
337 ## - Medientyp
Bezeichnung des Medientyps ohne Hilfsmittel zu benutzen
Medientypcode n
Quelle rdamedia
338 ## - Datenträgertyp
Datenträgertypbezeichnung Band
Datenträgertypcode nc
Quelle rdacarrier
490 0# - Gesamttitelangabe
Gesamttitelangabe Literaturnye pamjatniki / Rossijskaja Akademija Nauk
700 1# - Nebeneintragung - Personenname
Personenname Krjučkova, Marija Aleksandrovna
Datumsangaben in Verbindung mit einem Namen ca. 20./21. Jh.
Funktionsbezeichnung HerausgeberIn
IDN des Normdatensatzes oder Standardnummer (DE-588)141363681
Funktionsbezeichnungscode edt
Koha-Normdatenidentnummer 8335
700 1# - Nebeneintragung - Personenname
Personenname Akimova, T.I.
Funktionsbezeichnung HerausgeberIn
Funktionsbezeichnungscode edt
Koha-Normdatenidentnummer 8338
700 1# - Nebeneintragung - Personenname
Personenname Morozova, E.V.
Funktionsbezeichnung HerausgeberIn
Funktionsbezeichnungscode edt
Koha-Normdatenidentnummer 8339
773 08 - Übergeordnete Einheit
Datensatzkontrollnummer BV1816360049
Zählung und erste Seite Band2
942 ## - Zusätzliche Felder (Koha)
Klassifikation oder Aufstellungssystematik Andere/Generische Klassifikation
Koha-Medientyp Monographien
Exemplare
Ausgeschieden Verloren Klassifikation oder Aufstellungssystematik Beschädigt Nicht entleihbar Heimatbibliothek Aufenthaltsbibliothek Aufstellungsort Erwerbungsdatum Inventarnummer Signatur Barcode Ausgeliehen Letzte Aktivität Letzte Ausleihe Preis gültig von Koha-Medientyp
    Andere/Generische Klassifikation     MWN Osteuropa MWN Osteuropa Magazin - 2 18/07/2022 22-00446 R 52 ad Eka 43 (2) E00401080A92F1FC 03/08/2023 03/08/2022 03/08/2022 18/07/2022 Monographien